00247nam a2200097Ia 4500008004100000100001900041245004500060260002700105300000900132650000800141191201s2011 xx 000 0 und d aSHARMA, sanjay 0aCommunication Systems Analog and Digital c2011bkatsonaN. delhi a1010 aCSE